Подробности
| 000 -МАРКЕР |
| контрольное поле |
01696nam0a2200313 4500 |
| 001 - ИДЕНТИФИКАТОР ЗАПИСИ |
| контрольное поле |
RU\NLR\bibl\524207 |
| 005 - ИДЕНТИФИКАТОР ВЕРСИИ |
| контрольное поле |
20260407071041.0 |
| 035 ## - ДРУГИЕ СИСТЕМНЫЕ НОМЕРА |
| Идентификатор записи |
(NLR Aleph) 000516591 |
| 100 ## - ДАННЫЕ ОБЩЕЙ ОБРАБОТКИ |
| Данные общей обработки |
20040527d2001 |||y0rusy50 ca |
| 101 0# - ЯЗЫК РЕСУРСА |
| Язык текста, звукозаписи и т.д. |
русский |
| 102 ## - СТРАНА ПУБЛИКАЦИИ ИЛИ ПРОИЗВОДСТВА |
| Страна публикации |
Российская Федерация |
| 105 ## - ПОЛЕ КОДИРОВАННЫХ ДАННЫХ: ТЕКСТОВЫЕ МАТЕРИАЛЫ, МОНОГРАФИЧЕСКИЕ |
| Кодированные данные о монографическом текстовом документе |
a ||||||||| |
| 200 1# - ЗАГЛАВИЕ И СВЕДЕНИЯ ОБ ОТВЕТСТВЕННОСТИ |
| Основное заглавие |
Анатолий Гаврилович Золотарев |
| Сведения, относящиеся к заглавию |
Геолог и геоморфолог |
| -- |
Юбил. вып. |
| -- |
[Сб. ст. |
| Первые сведения об ответственности |
Редкол.: В.В. Андреев - пред. и др.] |
| 210 ## - ПУБЛИКАЦИЯ, РАСПРОСТРАНЕНИЕ И ДР. |
| Место издания, распространения и т.д. |
Иркутск |
| Имя издателя, распространителя и т. д. |
ГеоИГУ |
| Дата издания, распространения и т.д. |
2001 |
| 215 ## - ФИЗИЧЕСКАЯ ХАРАКТЕРИСТИКА |
| Специфическое обозначение материала и объем |
213 с. |
| Другие сведения о физической характеристике |
ил., портр. |
| Размеры |
21 |
| 225 1# - СЕРИЯ |
| Основное заглавие серии |
Вестник ГеоИГУ |
| Сведения об ответственности |
Ассоц. выпускников и сотрудников геол. фак. Иркут. гос. ун-та (ГеоИГУ) |
| Обозначение тома |
N 3 |
| 320 ## - ПРИМЕЧАНИЯ О НАЛИЧИИ В ДОКУМЕНТЕ БИБЛИОГРАФИИ / УКАЗАТЕЛЯ |
| Текст примечания |
Библиогр. в конце ст. |
| 320 ## - ПРИМЕЧАНИЯ О НАЛИЧИИ В ДОКУМЕНТЕ БИБЛИОГРАФИИ / УКАЗАТЕЛЯ |
| Текст примечания |
Опубл. тр. А.Г. Золотарева : с. 201-212 (138 назв.) |
| 600 #1 - ИМЯ ЛИЦА КАК ПРЕДМЕТ |
| Начальный элемент ввода |
Золотарев |
| Часть имени, кроме начального элемента ввода |
А.Г. |
| Даты |
1921 |
| Расширение инициалов личного имени |
Анатолий Гаврилович |
| Системный номер авторитетной/нормативной записи |
2296314 |
| Идентификатор авторитетной/нормативной записи |
RU\NLR\auth\661375010 |
| 686 ## - ИНДЕКСЫ ДРУГИХ КЛАССИФИКАЦИЙ |
| Индекс |
Д3д(2)Золотарев |
| 686 ## - ИНДЕКСЫ ДРУГИХ КЛАССИФИКАЦИЙ |
| Индекс |
Д823д(2)Золотарев |
| 702 #1 - ИМЯ ЛИЦА - ВТОРИЧНАЯ ОТВЕТСТВЕННОСТЬ |
| Код отношения |
Редактор |
| Материалы, к которым относится поле |
rus |
| Графика поля |
Кириллица |
| Начальный элемент ввода |
Андреев |
| Часть имени, кроме начального элемента ввода |
В. В. |
| Дополнения к именам, кроме дат |
канд. геол.-минерал. наук |
| Даты |
1940-2009 |
| Расширение инициалов личного имени |
Валерий Владимирович |
| Идентификатор авторитетной/нормативной записи |
RU\NLR\auth\7750180 |
| Системный номер авторитетной/нормативной записи |
33115 |
| 712 02 - НАИМЕНОВАНИЕ ОРГАНИЗАЦИИ - ВТОРИЧНАЯ ОТВЕТСТВЕННОСТЬ |
| Код отношения |
Прочие |
| Начальный элемент ввода |
Иркутский государственный университет |
| Структурное подразделение |
Геологический факультет |
| -- |
Ассоциация выпускников и сотрудников |
| Идентификатор авторитетной/нормативной записи |
RU\NLR\AUTH\8810034594 |
| Системный номер авторитетной/нормативной записи |
567495 |
| 801 #0 - ИСТОЧНИК ЗАПИСИ |
| Страна |
Российская Федерация |
| Организация |
NLR |
| Дата составления |
20040527 |
| Правила каталогизации |
PSBO |
| 801 #1 - ИСТОЧНИК ЗАПИСИ |
| Страна |
Российская Федерация |
| Организация |
NLR |
| Дата составления |
20040527 |
| 942 ## - ДОПОЛНИТЕЛЬНЫЕ ЭЛЕМЕНТЫ ЗАПИСИ (АБИС) |
| Тип экземпляра АБИС |
Книга |
| 980 ## - КОЛЛЕКЦИЯ |
| Название коллекции |
Национальная библиография |